Hay dinero y salud en la abeja / (Registro nro. 60160)

Detalles MARC
000 -LEADER
campo de control de longitud fija 00426nam a2200157 i 4500
001 - NÚMERO DE CONTROL
campo de control 60160
003 - IDENTIFICADOR DE NÚMERO DE CONTROL
campo de control ES-MaACL
005 - FECHA Y HORA DE LA ÚLTIMA TRANSACCIÓN
campo de control 20230906164152.0
007 - CAMPO FIJO DE DESCRIPCIÓN FÍSICA--INFORMACIÓN GENERAL
campo de control de longitud fija t|
008 - DATOS DE LONGITUD FIJA--INFORMACIÓN GENERAL
campo de control de longitud fija 031103s1971 sp ||||1| spa d
100 1# - ENTRADA PRINCIPAL--NOMBRE DE PERSONA
Nombre de persona Valen, Ernos.
9 (RLIN) 112560
245 10 - MENCIÓN DEL TÍTULO
Título Hay dinero y salud en la abeja /
Mención de responsabilidad, etc. Valen Ernos.
260 ## - PUBLICACIÓN, DISTRIBUCIÓN, ETC.
Lugar de publicación, distribución, etc. Barcelona :
Nombre del editor, distribuidor, etc. Sintes,
Fecha de publicación, distribución, etc. [1971]
300 ## - DESCRIPCIÓN FÍSICA
Extensión 239 p. :
Otras características físicas il. ;
Dimensiones 18 cm.
852 ## - LOCALIZACIÓN
Ubicación ES-MaACL
Número de control de estantería C-49705
Sublocalización o colección R.80519
Existencias
Estatus retirado Estado de pérdida Estado de daño No para préstamo Biblioteca de origen Biblioteca actual Ubicación en estantería Fecha de adquisición Fuente de adquisición Total de préstamos Signatura topográfica completa Código de barras Visto por última vez Precio de reemplazo Tipo de ítem Koha
        Biblioteca del Ateneo de Madrid Biblioteca del Ateneo de Madrid Depósito 2 17/01/2008     C-49705 1063104 23/02/2023 23/02/2023 Libro impreso